World Cities: Cities by Satellite Images - Statistics

General Stats
  • This quiz has been taken 295 times
  • The average score is 23 of 33
Answer Stats
Picture Hint Answer % Correct
Asia Dubai
97%
Europe / Asia Istanbul
97%
North America New York City
97%
North America Chicago
94%
Africa Cairo
93%
North America Miami
91%
South America Rio de Janeiro
90%
North America San Francisco
89%
South America Buenos Aires
87%
Europe Venice
87%
Asia Tokyo
86%
North America Seattle
81%
Asia Shanghai
81%
Asia Singapore
80%
Europe Naples
74%
South America São Paulo
72%
Oceania Auckland
67%
Africa Kinshasa / Brazaville
67%
Europe Amsterdam
66%
North America Toronto
65%
North America Phoenix
64%
North America Montréal
62%
Asia Mumbai
60%
Europe Athens
56%
Africa Algiers
55%
North America Mexico City
55%
North America Tampa / St Petersburg
55%
South America Santiago
53%
Asia Tel Aviv
52%
Europe Rotterdam
50%
Europe Vienna
41%
Asia Karachi
38%
North America Havana
33%
No matching quizzes found
Score Distribution
Percent of People with Each Score
Percentile by Number Answered
Your Score History
You have not taken this quiz